The Housing Grants (Application Forms) (Scotland) Amendment Regulations 2008 (Record no. 108678)
[ view plain ]
| 000 -LEADER | |
|---|---|
| fixed length control field | 01524cad a22002295a 4500 |
| 001 - CONTROL NUMBER | |
| control field | E145039 |
| 008 - FIXED-LENGTH DATA ELEMENTS--GENERAL INFORMATION | |
| fixed length control field | 080902s2008 xxk f l s000 0 eng d |
| 035 ## - SYSTEM CONTROL NUMBER | |
| System control number | (Sirsi) u145039 |
| 041 0# - LANGUAGE CODE | |
| Language code of text/sound track or separate title | eng |
| 110 2# - MAIN ENTRY--CORPORATE NAME | |
| Corporate name or jurisdiction name as entry element | Scotland |
| Form subheading | Laws, etc |
| 245 04 - TITLE STATEMENT | |
| Title | The Housing Grants (Application Forms) (Scotland) Amendment Regulations 2008 |
| Medium | [electronic resource] |
| 260 ## - PUBLICATION, DISTRIBUTION, ETC. | |
| Place of publication, distribution, etc. | Edinburgh |
| Name of publisher, distributor, etc. | Scottish Government |
| Date of publication, distribution, etc. | 2008 |
| 490 #0 - SERIES STATEMENT | |
| Series statement | Scottish Statutory Instrument |
| Volume/sequential designation | 2008: 283 |
| 520 ## - SUMMARY, ETC. | |
| Summary, etc. | These Regulations amend the Housing Grants (Application Forms) (Scotland) Regulations 2003 in relation to the application forms for improvement grant not relating to works for a disabled occupant, for improvement grant relating to works for a disabled occupant, for repairs grant and for grant for a means of escape from fire in a house in multiple occupation. The amendments add income related employment and support allowance and contributory employment and support allowance to the lists of benefits in various parts of the forms (regulations 2 to 6). Comes into force 27 October 2008. |
| 590 ## - LOCAL NOTE (RLIN) | |
| Local note | KA |
| 650 24 - SUBJECT ADDED ENTRY--TOPICAL TERM | |
| Topical term or geographic name entry element | HOUSING GRANTS (APPLICATION FORMS) (SCOTLAND) REGULATIONS 2003 |
| 650 24 - SUBJECT ADDED ENTRY--TOPICAL TERM | |
| Topical term or geographic name entry element | HOUSING GRANTS (APPLICATION FORMS) SCOTLAND) AMENDMENT REGULATIONS 2008 |
| 651 #4 - SUBJECT ADDED ENTRY--GEOGRAPHIC NAME | |
| Geographic name | Scotland |
| Chronological subdivision | 1999- |
| 690 ## - LOCAL SUBJECT ADDED ENTRY--TOPICAL TERM (OCLC, RLIN) | |
| Topical term or geographic name as entry element | PROPERTY-RESIDENTIAL PROPERTY-DOMESTIC RESIDENTIAL PROPERTY-HOUSING |
| 856 41 - ELECTRONIC LOCATION AND ACCESS | |
| Uniform Resource Identifier | <a href="https://www.opsi.gov.uk/legislation/scotland/ssi2008/ssi_20080283_en_1">https://www.opsi.gov.uk/legislation/scotland/ssi2008/ssi_20080283_en_1</a> |
| Public note | View the statutory instrument free of charge at www.opsi.gov.uk... |
| 942 ## - ADDED ENTRY ELEMENTS (KOHA) | |
| Suppress in OPAC | 0 |
| Withdrawn status | Lost status | Source of classification or shelving scheme | Damaged status | Not for loan | Home library | Current library | Shelving location | Date acquired | Total Checkouts | Full call number | Barcode | Date last seen | Copy number | Price effective from | Koha item type |
|---|---|---|---|---|---|---|---|---|---|---|---|---|---|---|---|
| Dewey Decimal Classification | Virtual | Virtual | Online | 02/09/2008 | ONLINE PUBLICATION | 145039-2001 | 06/08/2019 | 1 | 06/08/2019 | Book |